000 00978nas a2200313 4500
001 BR0805296
003 BR-BrBNA
005 20231205112412.0
007 ta
008 230509b bl.|||p| |||| 00| 00por d
040 _aBR-BrBNA
_bpor
_cBiblioteca Nacional de Agricultura
041 _a(En)
072 _aL10
100 1 _aSantos, I.W.
100 1 _aBinsfeld, L.C.
100 1 _aWeiss, R.R.
100 1 _aKozicki, L.E.
100 1 _aRochadelli, R.
100 1 _aResende, M.V.
100 1 _aHossepian de Lima, V.F.M.
245 1 _aCryopreservation of dog spermatozoa: effect of bovine serum albumin on acrosomal integrity and pregnancy rates after artificial insemination
650 _aCÃO
650 _aINSEMINAÇÃO ARTIFICIAL
650 _aCICLO ESTRAL
650 _aSEMEN
773 0 _tArchives of Veterinary Science (Brazil)
_xISSN 1517-784X
_g(2007), v. 12(2) p. 47-54
_wBR0805296
909 _a202311
_bLúcia
_c55
_dLúcia Elande
942 _2AGRIS
_n0
_cANA
999 _c197874
_d197874